Places To Study

There are group study rooms, individual study carrels, computer labs, and other spaces to study in the Libraries.

Reserve A Group Room

Online Resources

Access thousands of eBooks, audiobooks, and online journals from the comfort of your home.

Explore Resources

Events and Workshops

Join our upcoming events and workshops to enhance your skills and knowledge.

View Events

အစ္စလာမ်သမိုင်း / (Record no. 2749)

MARC details
000 -LEADER
fixed length control field 00931nam a22001937a 4500
003 - CONTROL NUMBER IDENTIFIER
control field OSt
005 - DATE AND TIME OF LATEST TRANSACTION
control field 20251217161950.0
008 - FIXED-LENGTH DATA ELEMENTS--GENERAL INFORMATION
fixed length control field 251217b |||||||| |||| 00| 0 eng d
040 ## - CATALOGING SOURCE
Transcribing agency DCL
082 ## - DEWEY DECIMAL CLASSIFICATION NUMBER
Classification number ၂၉၇.၀၉
100 ## - MAIN ENTRY--PERSONAL NAME
Personal name လစ်(ပ်)မန်း ၊ သောမတ်။
245 00 - TITLE STATEMENT
Title အစ္စလာမ်သမိုင်း /
Statement of responsibility, etc. လစ်(ပ်)မန်း သောမတ် ၊ ပြုစုသူ ကိုကိုလေး။
260 ## - PUBLICATION, DISTRIBUTION, ETC.
Place of publication, distribution, etc. ရန်ကုန် ၊
Name of publisher, distributor, etc. ယဉ်မျိုးစာပေ၊
Date of publication, distribution, etc. ၂၀၁၈။
300 ## - PHYSICAL DESCRIPTION
Extent ဃ၊ ၅၆၉ စာမျက်နှာ ၊
Dimensions ၂၁ စင်တီ။
500 ## - GENERAL NOTE
General note Understanding Islam: An Introduction to The Muslim World by Thomas W. Lippman
650 ## - SUBJECT ADDED ENTRY--TOPICAL TERM
Topical term or geographic name entry element အစ္စလာမ်
Form subdivision သမိုင်း
700 ## - ADDED ENTRY--PERSONAL NAME
Personal name ကိုကိုလေး။
Relator term ပြုစုသူ
942 ## - ADDED ENTRY ELEMENTS (KOHA)
Source of classification or shelving scheme Dewey Decimal Classification
Koha item type Short Term
Suppress in OPAC No
Holdings
Withdrawn status Lost status Source of classification or shelving scheme Damaged status Not for loan Collection Accession No. Home library Current library Shelving location Date acquired Total checkouts Full call number Barcode Date last seen Price effective from Koha item type
    Dewey Decimal Classification     Myanmar Collection ၅၁၅၅ Dhammadhara Dhammadhara Myanmar Shelves 17/12/2025   ၂၉၇.၀၉ လစ် ၅၁၅၅ MB00005155 17/12/2025 17/12/2025 Short Term